Webinář není vhodný jen pro vzdělávání
Čo je webinár. Využitie webinárov vo firemnej praxi. Ako začať s webinárom. Najčastejšie chyby pri usporiadaní webinára. Praktické odporúčania pre lektorov webinárov.
Salvato in:
| Autore principale: | |
|---|---|
| Natura: | Capitolo di libro |
| Lingua: | ceco |
| Soggetti: | |
| Tags: |
Nessun Tag, puoi essere il primo ad aggiungerne!!
|
MARC
| LEADER | 00000naa a2200000 4500 | ||
|---|---|---|---|
| 001 | 0191133 | ||
| 005 | 20231211095013.2 | ||
| 041 | 0 | |a cze | |
| 044 | |a CZ | ||
| 245 | 1 | 0 | |a Webinář není vhodný jen pro vzdělávání |c David Skála |
| 520 | |a Čo je webinár. Využitie webinárov vo firemnej praxi. Ako začať s webinárom. Najčastejšie chyby pri usporiadaní webinára. Praktické odporúčania pre lektorov webinárov. | ||
| 610 | 2 | 0 | |a vzdelávanie elektronické |
| 610 | 2 | 0 | |a komunikácia elektronická |
| 610 | 2 | 0 | |a internet |
| 610 | 2 | 0 | |a firmy |
| 610 | 2 | 0 | |a semináre |
| 610 | 2 | 0 | |a väzba spätná |
| 610 | 2 | 0 | |a zamestnanci |
| 610 | 2 | 0 | |a zákazníci |
| 610 | 2 | 0 | |a marketing |
| 100 | 1 | |a Skála, David | |